Asymptotic theory of statistical tests and estimation in honor of Wassily Hoeffding

Guardado en:
Detalles Bibliográficos
Formato: Libro
Lenguaje:inglés
Publicado: New York Academia Press 1980
Etiquetas: Agregar Etiqueta
Sin Etiquetas, Sea el primero en etiquetar este registro!

MARC

LEADER 00000nam a2200000 4500
001 c129077
005 20041019155245.3
041 0 |a eng 
044 |a US 
245 1 0 |a Asymptotic theory of statistical tests and estimation  |b in honor of Wassily Hoeffding 
264 1 |a New York  |b Academia Press  |c 1980 
300 |a 349 s.